Platser ombesjungna i "Vintersaga" - Statistics

General Stats
  • This quiz has been taken 30 times
  • The average score is 5 of 19
Answer Stats
Ledtråd Svar % Correct
Norrbotten Kiruna
67%
Skåne Malmö
50%
Västra Götaland Ullevi
46%
Västerbotten/Österbotten Kvarken
42%
Stockholm Mariaberget
38%
Gotland Visby hamn
38%
Skåne Österlen
33%
Norrbotten Bion i Pajala
29%
Västra Götaland Tjörnbron
29%
Västernorrland Statt i Härnösand
25%
Västra Götaland Pater Noster
21%
Norrbotten Mommas krog(Kiruna)
17%
Stockholm Skärholmens station
17%
Norrbotten Stadspuben i Luleå
17%
Stockholm Stockholm City
17%
Stockholm Landsorts fyr
13%
Västernorrland Tradarfik i Docksta
13%
Norrbotten/Lappland(Finland) Gränsstationen i Torneå
4%
Västra Götaland Marsstrand
4%
No matching quizzes found
Score Distribution
Percent of People with Each Score
Percentile by Number Answered
Your Score History
You have not taken this quiz